1970 1257 1535 1591 1213 1653 1991 1392 1042 1699 1424 1684 1703 1577 1202 1863 1634 1724 1432 1648 1629 1296 1114 1801 1047 1025 1170 1902 1870 1969 1987 1242 1951 1790 1280 1028 1739 1529 1013 1009 1829 1534 1744 1872 1914 1685 1671 1521 1893 1004 1749 1082 1358 1340 1941 1434 1385 1768 1403 1742 1480 1217 1353 1773 1048 1420 1811 1285 1114 1541 1976 1824 1943 1489 1231 1662 1658 1862 1617 1257 1411 1463 1180 1390 1374 1350 1906 1710 1766 1192 1431 1708 1733 1100 1203 1015 1035 1836 1227 BCNSPRNW ULIB Ver.6.0+V

เปลี่ยนเป็นภาษาไทย

Change to English
 แสดงรายละเอียดบรรณานุกรม
  กลับหน้าหลัก

Brief Record : Get Marc (ISO 2709) : E-mail record : QR code < ปิดหน้าต่าง
LEADER : 00000nam 2200000uu 4500
001    13399112630
003     ULIB
008    110829s2549||||th 000 0 tha d
020    9748812553
020    978974812557
050  4 HV1593^bว841ส 2549
100 0  วีระศักดิ์ จันทร์ส่งแสง
245 10 เสียงจากโลกเงียบ :^bมือสื่อภาษา ตาสื่อใจ /^cวีระศักดิ์ จันทร์ส่งแสง
250    พิมพ์ครั้งที่ 1
260    นนทบุรี :^bแผนงานสร้างเสริมสุขภาพคนพิการในสังคมไทย,^c2549
300    148 หน้า :^bภาพประกอบ ;^c19 ซม.
440  0 สารคดีชุดประสบการณ์ชีวิตคนพิการ ;^vลำดับที่ 2
650  4 คนหูหนวก^vรวมเรื่อง
653    Open Your Eyes Project
945    ^p100^l0^i020698
995    ทศพร
999 ^a ทศพร
รายการนี้ยังไม่มีแท็ก
คุณยังไม่ได้ล็อกอิน คุณสามารถมีกิจกรรมร่วมกับเว็บไซต์ได้ แต่ต้องล็อกอินก่อน ::
  ล็อกอิน

รายการสื่อสารสนเทศ

ลำดับที่ ประเภท เลขเรียก/บาร์โค้ด สถานที่ สถานะ
- ไม่พบข้อมูล -

รายการใกล้เคียง
    ผู้แต่ง [วีระศักดิ์ จันทร์ส่งแสง]

BibComment


ยังไม่เคยถูกคอมเมนท์

คอมเมนท์ทรัพยากรรายการนี้
  คอมเมนท์: เสียงจากโลกเงียบ ..


 Copyright 2026. Bcnsprnw @Library